000 00864nam a22002177a 4500
005 20250425120521.0
010 _aHIN-129704
020 _c821
_a9789357685535
035 _aHN-102050
037 _bDBAD
082 _a821
100 _aबनिवाल,नीरज सिंह
_980873
245 _aशिवामृत/
_cनीरज सिंह बनिवाल
250 _aभाग-1
260 _aदिल्ली
_bरेलीवेंट पब्लिकेशन
_c2022
270 _aअ यूनिट ऑफ़ सूर्यांश प्रिंट सलूशन 2615
_bदिल्ली
_e110006
300 _a130पृ.
_c22से.मी. (सजिल्द)
700 _aबनिवाल,नीरज सिंह
_980873
760 _bभाग 1
942 _2ddc
_cHN
_h821
_mबैनीवा
999 _c211112
_d211112